000 00685nam a2200229Ia 4500
003 OSt
005 20220918191951.0
006 a|||||r|||| 00| 0
007 ta
008 220917b |||||||| |||| 00| 0 eng d
024 _a66,236
037 _cTextual
040 _aARTS
_cARTS
_beng
041 _2eng
_aeng
082 _aR3xC57:90R4, J0
100 _aLodge R C
_977902
245 0 _aPlato's theory of ethics
_b the moral criterion and the highest good
260 _c1950
490 _aInternational library of psychology philosophy and scientific method , ed by C K Ogden; 42
942 _hR3xC57:90R4, J0
_cTEXL
_2CC
999 _c192470
_d192470